000 00413nam a2200181Ia 4500
001 2914
005 20260306144842.0
008 260306t2007||||xx |||||||||||||| ||spa||
041 _aESP
082 _a233
_bCH546 2007
100 _aChesterton, G. K.
_eAUT
245 0 _aEl hombre eterno
260 _c2007
300 _a354 páginas :
_c20 cm.
650 _aGEN
654 _aCHU
942 _cLIB
_dJUS
_fJUS
_2ddc
_n
999 _c2914
_d2914